| 000 | 00617nam a2200181Ia 4500 | ||
|---|---|---|---|
| 008 | 151018s9999 xx 000 0 und d | ||
| 082 |
_bRBASDV636 _a920 |
||
| 100 | _aह वि देसाई | ||
| 245 | _aमोठ्यांच्या मुलाखती | ||
| 250 | _b1 | ||
| 260 |
_bशेठ हिरजी मोह्नजी _c1940 |
||
| 300 | _a184 | ||
| 600 | _aह वि देसाई | ||
| 630 | _aमोठ्यांच्या मुलाखती | ||
| 700 | _aह वि देसाई | ||
| 730 | _aमोठ्यांच्या मुलाखती | ||
| 942 | _cBOOK | ||
| 999 |
_c1003105 _d1003102 |
||